[Event "EU-Cup 33rd"]
[Site "Antalya"]
[Date "2017.10.10"]
[Round "3.6"]
[White "Bayyurt, Izge"]
[Black "Petraki, Argiro"]
[Result "1-0"]
[WhiteElo "1822"]
[BlackElo "1476"]
[PlyCount "81"]
[EventDate "2017.10.08"]
[EventType "team-swiss"]
[EventRounds "7"]
[EventCountry "TUR"]
[SourceTitle "CBM 181"]
[Source "ChessBase"]
[SourceDate "2017.11.10"]
[SourceVersion "1"]
[SourceVersionDate "2017.11.10"]
[SourceQuality "1"]
[WhiteTeam "Besiktas Jimnastik"]
[BlackTeam "Chania Chess Academy"]
[WhiteTeamCountry "TUR"]
[BlackTeamCountry "GRE"]

1. d4 Nf6 2. c4 e6 3. Nc3 c5 4. d5 exd5 5. cxd5 d6 6. e4 g6 7. Bd3 Bg7 8. Nge2 0-0 9. 0-0 Na6 10. f3 Nc7 11. Be3 Re8 12. Qd2 a6 13. Rab1 b5 14. b4 c4 15. Bc2 Nd7 16. Bg5 Bf6 17. Bf4 Be5 18. Bg3 Nb6 19. Bxe5 Rxe5 20. f4 Re7 21. f5 Ne8 22. Nd4 Bb7 23. Qh6 Nd7 24. fxg6 fxg6 25. Ne6 Qb6+ 26. Kh1 Ng7 27. Ng5 Ne8 28. Rf3 Nef6 29. Rbf1 Ng4 30. Qh4 Nde5 31. Ne6 Nxf3 32. Rxf3 Rxe6 33. dxe6 Ne5 34. Rf1 a5 35. Qf6 Qd8 36. e7 Qe8 37. Qe6+ Nf7 38. Nxb5 Rc8 39. Nxd6 Rc6 40. Rxf7 Rxd6 41. Rf8+ 1-0

[Event "TUR-chT"]
[Site "Kocaeli"]
[Date "2017.08.05"]
[Round "12.6"]
[White "Sevgi, Volkan"]
[Black "Bayyurt, Izge"]
[Result "1-0"]
[WhiteElo "2199"]
[BlackElo "1839"]
[PlyCount "99"]
[EventDate "2017.07.26"]
[EventType "team-tourn"]
[EventRounds "13"]
[EventCountry "TUR"]
[SourceTitle "CBM 179 Extra"]
[Source "ChessBase"]
[SourceDate "2017.08.23"]
[SourceVersion "1"]
[SourceVersionDate "2017.08.23"]
[SourceQuality "1"]
[WhiteTeam "Mersin Zeka"]
[BlackTeam "Canakkale Gokceada"]
[WhiteTeamCountry "TUR"]
[BlackTeamCountry "TUR"]

1. Nf3 d5 2. g3 Nf6 3. Bg2 c5 4. d3 Nc6 5. Nbd2 e6 6. e4 Be7 7. 0-0 0-0 8. Qe2 b6 9. e5 Nd7 10. Re1 Qc7 11. Nf1 Ba6 12. Bf4 Qb7 13. c4 dxc4 14. dxc4 b5 15. Qe4 Rfc8 16. b3 Rab8 17. Bg5 Nb6 18. Ne3 h6 19. Bxe7 Qxe7 20. Bf1 Bb7 21. Bd3 g6 22. Qf4 Nb4 23. Bb1 Bxf3 24. Qxf3 bxc4 25. bxc4 Nc6 26. Ng4 Kg7 27. Be4 h5 28. Qf6+ Qxf6 29. exf6+ Kf8 30. Bxc6 Rxc6 31. Ne5 Rd6 32. Rab1 Rc8 33. Rb5 Rd4 34. Reb1 Ke8 35. a4 Nd7 36. f4 Nxe5 37. fxe5 Rc7 38. Rb8+ Kd7 39. R1b7 Kc6 40. Rxc7+ Kxc7 41. Re8 Rxc4 42. Re7+ Kb6 43. a5+ Ka6 44. Rxf7 Re4 45. Rd7 Rxe5 46. Rd1 Rf5 47. Rf1 Rxf6 48. Rxf6 Kxa5 49. Rxe6 c4 50. Kf2 1-0

[Event "TUR-chT"]
[Site "Kocaeli"]
[Date "2017.08.04"]
[Round "11.1"]
[White "Ererdem, Gani Eren"]
[Black "Bayyurt, Izge"]
[Result "1-0"]
[WhiteElo "2090"]
[BlackElo "1839"]
[PlyCount "73"]
[EventDate "2017.07.26"]
[EventType "team-tourn"]
[EventRounds "13"]
[EventCountry "TUR"]
[SourceTitle "CBM 179 Extra"]
[Source "ChessBase"]
[SourceDate "2017.08.23"]
[SourceVersion "1"]
[SourceVersionDate "2017.08.23"]
[SourceQuality "1"]
[WhiteTeam "Karaman Belediye"]
[BlackTeam "Canakkale Gokceada"]
[WhiteTeamCountry "TUN"]
[BlackTeamCountry "TUR"]

1. d4 Nf6 2. Nf3 e6 3. c4 Bb4+ 4. Nbd2 c5 5. dxc5 Bxc5 6. a3 a5 7. e3 Nc6 8. Qc2 0-0 9. b3 d5 10. cxd5 Qxd5 11. Bc4 Qh5 12. Bb2 Be7 13. 0-0 Bd7 14. Rad1 Rac8 15. Ne4 Nd5 16. Ng3 Qh6 17. Qe2 Nb6 18. Bd3 Bf6 19. Bc1 g6 20. e4 Qg7 21. Be3 Nd4 22. Nxd4 Bxd4 23. e5 Bxe3 24. Qxe3 Nd5 25. Qd4 Bc6 26. Ne4 Rfd8 27. Bc4 b5 28. Bxd5 Bxd5 29. Nf6+ Kh8 30. Rd3 h5 31. Qf4 b4 32. axb4 axb4 33. Rh3 Rc3 34. Rh4 Rxb3 35. Qg5 Rc8 36. Rxh5+ gxh5 37. Qxh5+ 1-0

[Event "Manavgat Turkey Cup"]
[Site "Manavgat"]
[Date "2016.02.02"]
[Round "6"]
[White "Sari, Yasin"]
[Black "Bayyurt, Izge"]
[Result "1-0"]
[WhiteElo "2088"]
[BlackElo "1719"]
[PlyCount "77"]
[EventDate "2016.01.30"]
[EventType "swiss"]
[EventRounds "11"]
[EventCountry "TUR"]
[SourceTitle "CBM 170 Extra"]
[Source "ChessBase"]
[SourceDate "2016.02.25"]
[SourceVersion "1"]
[SourceVersionDate "2016.02.25"]
[SourceQuality "1"]

1. e4 d5 2. exd5 Nf6 3. Bb5+ Bd7 4. Be2 Nxd5 5. d4 e6 6. Nf3 Bb4+ 7. c3 Bd6 8. 0-0 0-0 9. Re1 c5 10. c4 Nf6 11. Nc3 cxd4 12. Nxd4 Bc5 13. Nb3 Bb4 14. Qc2 Qc7 15. Be3 b6 16. Red1 e5 17. Rac1 a6 18. c5 bxc5 19. a3 c4 20. axb4 cxb3 21. Qxb3 Be6 22. Qa3 Qb7 23. Rd6 Nc6 24. Na4 Bd5 25. Nb6 Rad8 26. Bxa6 Qb8 27. Rdxc6 Bxc6 28. Rxc6 Rd1+ 29. Bf1 Nd5 30. Qb3 Nxe3 31. Qxe3 Rfd8 32. g3 Qb7 33. b5 Qa7 34. Qa3 Qb7 35. Kg2 f6 36. Qa6 Qe7 37. Rc8 Qb4 38. Bc4+ Kh8 39. Qa8 1-0

[Event "Manavgat Turkey Cup"]
[Site "Manavgat"]
[Date "2016.02.01"]
[Round "4"]
[White "Sahin, Ozgun"]
[Black "Bayyurt, Izge"]
[Result "1-0"]
[WhiteElo "2085"]
[BlackElo "1719"]
[PlyCount "61"]
[EventDate "2016.01.30"]
[EventType "swiss"]
[EventRounds "11"]
[EventCountry "TUR"]
[SourceTitle "CBM 170 Extra"]
[Source "ChessBase"]
[SourceDate "2016.02.25"]
[SourceVersion "1"]
[SourceVersionDate "2016.02.25"]
[SourceQuality "1"]

1. d4 Nf6 2. Nc3 g6 3. Bg5 Bg7 4. Qd2 0-0 5. h4 d5 6. f3 c5 7. dxc5 d4 8. Bxf6 dxc3 9. Qxd8 Rxd8 10. Bxg7 Kxg7 11. bxc3 Rd5 12. e4 Rxc5 13. Kd2 Be6 14. Bd3 Nd7 15. Ne2 f6 16. Rhb1 Nb6 17. a4 Rd8 18. Nd4 Bf7 19. a5 Nc4+ 20. Bxc4 Rxc4 21. Rxb7 e5 22. Kd3 Rc6 23. Rxa7 Kf8 24. Ra4 exd4 25. cxd4 Rdc8 26. d5 Rc3+ 27. Kd4 Rxc2 28. a6 Be8 29. Ra3 R2c4+ 30. Ke3 Bb5 31. Kf4 1-0